000 00524nam a2200193Ia 4500
005 20260120131819.0
008 008 260114s9999 xx 000 0 eng d
020 _a9780197727560
037 _aEBOOK
040 _aCRL
_beng
_cCRL
041 _aeng
_2eng
084 _qCRL
100 _aSuskin
_9931518
245 0 _aBroadway Yearbook 2000-2001
260 _bOxford University PressOxford University Press
_c2023
856 _uhttps://academic.oup.com/book/49164
942 _cEBOOK
999 _c1523440
_d1523440